Skillful reading & writing : Student's book-Foundation
The skills boxes that appear throughout the books signal the topic focus to the teacher, while providing the students with relevant tips, words and phrases. The study skills focus develops this further, providing students with practical guidance and support, and building confidence for independent l...
保存先:
| フォーマット: | 図書 |
|---|---|
| 言語: | Undetermined |
| 出版事項: |
London
Macmillan
2013
|
| 主題: | |
| タグ: |
タグ追加
タグなし, このレコードへの初めてのタグを付けませんか!
|
| Thư viện lưu trữ: | Trung tâm Học liệu Trường Đại học Cần Thơ |
|---|
| LEADER | 01027nam a2200217Ia 4500 | ||
|---|---|---|---|
| 001 | CTU_207267 | ||
| 008 | 210402s9999 xx 000 0 und d | ||
| 020 | |c 227000 | ||
| 082 | |a 428.0071 | ||
| 082 | |b S628 | ||
| 245 | 0 | |a Skillful reading & writing : | |
| 245 | 0 | |b Student's book-Foundation | |
| 245 | 0 | |c Mike Boyle, Lindsay Warwick ; Dorothy E. Zemach series consultant | |
| 260 | |a London | ||
| 260 | |b Macmillan | ||
| 260 | |c 2013 | ||
| 520 | |a The skills boxes that appear throughout the books signal the topic focus to the teacher, while providing the students with relevant tips, words and phrases. The study skills focus develops this further, providing students with practical guidance and support, and building confidence for independent learning throughout their university career | ||
| 650 | |a Tiếng Anh,English language,English language,Tiếng Anh | ||
| 650 | |x Viết,Reading comprehension,Writing,Đọc hiểu | ||
| 904 | |i Tuyến | ||
| 980 | |a Trung tâm Học liệu Trường Đại học Cần Thơ | ||